Banderas y emblemas de ciencia ficción i fantasia - Statistics

General Stats
  • This quiz has been taken 6 times
  • The average score is 3 of 9
Answer Stats
Picture Answer % Correct
Mordor
75%
Alianza Rebelde
50%
Imperio Galactico
50%
Comando Espacial de las Naciones Unidas
25%
Imperio Klingon
25%
Reino de Gondor
25%
Reino de Rohan
25%
Federacion Ciudadana Unida
0%
Marines Coloniales
0%
No matching quizzes found
Score Distribution
Percent of People with Each Score
Percentile by Number Answered
Your Score History
You have not taken this quiz